[Event "AUTO-MASTER-3282"]
[Site "http://www.queenalice.com/game.php?id=1863332"]
[Date "2025.9.24"]
[Round "1"]
[White "tucuman10"]
[Black "cerenzo72"]
[Result "1-0"]
[WhiteElo "2256"]
[BlackElo "2158"]

1. d4 Nf6 2. c4 d6 3. Nc3 e5 4. e3 Nbd7 5. Nf3 b6 6. Be2 Bb7 7. Qc2 Be7 8. O-O
O-O 9. Rd1 exd4 10. exd4 c6 11. Be3 d5 12. h3 Bd6 13. Rac1 Rc8 14. Nh4 c5 15.
Nf5 cxd4 16. Nxd6 dxe3 17. Nxc8 exf2+ 18. Kxf2 Qxc8 19. Nxd5 Qc5+ 20. Kf1 Re8
21. Bf3 Qc8 22. Re1 Rxe1+ 23. Kxe1 Qc5 24. b4 Qc8 25. Ne7+ 1-0

[Event "AUTO-MASTER-3282"]
[Site "http://www.queenalice.com/game.php?id=1863343"]
[Date "2025.9.24"]
[Round "1"]
[White "tucuman10"]
[Black "Fauquinelle"]
[Result "1-0"]
[WhiteElo "2300"]
[BlackElo "1959"]

1. d4 d5 2. c4 c6 3. Nc3 Nf6 4. e3 a6 5. Nf3 b5 6. b3 Bg4 7. a4 Nbd7 8. Be2 e6
9. cxd5 exd5 10. Bb2 b4 11. Nb1 a5 12. Nbd2 Bd6 13. Rc1 Nb8 14. Ne5 Be6 15. O-O
O-O 16. f4 Ra7 17. Kh1 Ne4 18. Nxe4 dxe4 19. Nxc6 Nxc6 20. d5 Bxd5 21. Qxd5 Ne7
22. Qd4 f6 23. Qxa7 Nf5 24. Rfd1 Rf7 25. Bc4 1-0

[Event "AUTO-MASTER-3282"]
[Site "http://www.queenalice.com/game.php?id=1863344"]
[Date "2025.9.24"]
[Round "1"]
[White "Fauquinelle"]
[Black "tucuman10"]
[Result "0-1"]
[WhiteElo "1978"]
[BlackElo "2276"]

1. e4 e5 2. Nf3 Nc6 3. Bb5 a6 4. Ba4 Nf6 5. O-O Be7 6. Re1 b5 7. Bb3 O-O 8. c3
d5 9. exd5 Nxd5 10. Nxe5 Nxe5 11. Rxe5 c6 12. d4 Bd6 13. Re1 Qh4 14. g3 Qh3 15.
Be3 Be6 16. Qd3 a5 17. Nd2 a4 18. Bc2 f5 19. Nf3 Nxe3 20. Rxe3 Bc4 21. Qd2 f4
22. Re4 fxg3 0-1

[Event "AUTO-ELITE-2595"]
[Site "http://www.queenalice.com/game.php?id=1863426"]
[Date "2025.9.27"]
[Round "1"]
[White "Sexxy_Bunny"]
[Black "tucuman10"]
[Result "1-0"]
[WhiteElo "2632"]
[BlackElo "2294"]

1. e4 e6 2. d4 d5 3. Nc3 Nf6 4. e5 Nfd7 5. f4 Bb4 6. Ne2 O-O 7. a3 Be7 8. Be3 c5
9. dxc5 Bxc5 10. Qd2 Qb6 11. Bxc5 Nxc5 12. O-O-O Nc6 13. h4 Rd8 14. Nd4 Ne4 15.
Qe3 Nxd4 16. Rxd4 Nxc3 17. Qxc3 Bd7 18. Qd2 Rdc8 19. h5 Rc5 20. c3 Rac8 21. Rb4
Qc6 22. Kb1 Qc7 23. g4 a6 24. Rd4 Bb5 25. h6 g6 26. Bxb5 Rxb5 27. c4 dxc4 28.
Rc1 Rd5 29. Rxd5 exd5 30. Qxd5 b5 31. Rd1 c3 32. bxc3 Kf8 33. Rd3 Qc5 34. Qd6+
Qxd6 35. exd6 Rd8 36. a4 bxa4 37. c4 Ke8 38. Re3+ Kd7 39. c5 Kc6 40. Re7 Kxc5
41. Rxf7 Rxd6 42. Rxh7 Rd1+ 43. Ka2 Rd2+ 44. Ka3 Rd3+ 45. Kxa4 Rd4+ 46. Ka5 Rxf4
47. Rh8 Rf7 48. Rc8+ Kd5 49. Rg8 1-0

[Event "AUTO-ELITE-2595"]
[Site "http://www.queenalice.com/game.php?id=1863434"]
[Date "2025.9.27"]
[Round "1"]
[White "tucuman10"]
[Black "trompmaster"]
[Result "1/2-1/2"]
[WhiteElo "2274"]
[BlackElo "2340"]

1. d4 e6 2. e4 d5 3. e5 c5 4. c3 Nc6 5. Nf3 Bd7 6. Bd3 cxd4 7. cxd4 Qb6 8. Be2
Nge7 9. Nc3 Nf5 10. Na4 Qa5+ 11. Nc3 Qb6 12. Na4 Qa5+ 13. Nc3 Qb6 1/2-1/2

[Event "AUTO-ELITE-2595"]
[Site "http://www.queenalice.com/game.php?id=1863435"]
[Date "2025.9.27"]
[Round "1"]
[White "trompmaster"]
[Black "tucuman10"]
[Result "1-0"]
[WhiteElo "2356"]
[BlackElo "2304"]

1. e4 e6 2. d4 d5 3. e5 Ne7 4. c3 Nbc6 5. Bd3 Nf5 6. Nf3 f6 7. Bxf5 exf5 8. O-O
fxe5 9. Bg5 Ne7 10. Nxe5 Be6 11. Re1 Qd6 12. Qe2 O-O-O 13. Nd3 Bd7 14. Bxe7 Re8
15. Bxd6 Rxe2 16. Rxe2 Bxd6 17. a4 f4 18. Nd2 Rf8 19. Nf3 Bg4 20. Rae1 Bxf3 21.
gxf3 Kd7 22. b4 a6 23. Nc5+ Bxc5 24. dxc5 Rf7 25. Re5 Kc6 26. Rd1 b6 27. cxb6
Kxb6 28. Re6+ c6 29. Rxd5 1-0

[Event "AUTO-OPEN-4616"]
[Site "http://www.queenalice.com/game.php?id=1863464"]
[Date "2025.9.27"]
[Round "1"]
[White "WoodpusherKid"]
[Black "tucuman10"]
[Result "1-0"]
[WhiteElo "2536"]
[BlackElo "2287"]

1. g3 d5 2. Nf3 c5 3. Bg2 Nf6 4. d4 cxd4 5. O-O a6 6. Nxd4 e5 7. Nb3 Be7 8. c4
d4 9. e3 d3 10. Nc3 Bg4 11. Bf3 Bxf3 12. Qxf3 Qc8 13. e4 Qd7 14. Nd5 Nxd5 15.
cxd5 h5 16. Rd1 d2 17. Bxd2 Qg4 18. Qxg4 hxg4 19. Rac1 Nd7 20. Rc7 Nf6 21. Re1
b6 22. Rb7 Bd8 23. Bg5 Rc8 24. Bxf6 gxf6 25. Rc1 Rxc1+ 26. Nxc1 Rh5 27. Nd3 f5
28. Nxe5 fxe4 29. Nxf7 Rxd5 30. Nxd8 Rd1+ 31. Kg2 Kxd8 32. Rxb6 Rd2 33. Rxa6 e3
34. Rf6 e2 35. Re6 Kd7 36. Re4 Kd6 37. h3 Rxb2 38. hxg4 Kd5 39. Kf3 Rxa2 40.
Rxe2 Ra3+ 41. Kg2 1-0

[Event "AUTO-OPEN-4616"]
[Site "http://www.queenalice.com/game.php?id=1863465"]
[Date "2025.9.27"]
[Round "1"]
[White "tucuman10"]
[Black "WoodpusherKid"]
[Result "0-1"]
[WhiteElo "2292"]
[BlackElo "2528"]

1. d4 d5 2. c4 c6 3. e3 Bf5 4. Nc3 e6 5. g4 Bg6 6. Nge2 Bd6 7. Qb3 Ne7 8. c5 Bc7
9. Qxb7 Nd7 10. Qa6 h5 11. g5 e5 12. Bh3 O-O 13. Bd2 Rb8 14. b3 Rb4 15. f4 exf4
16. exf4 Rxd4 17. Nxd4 Nxc5 18. Qe2 Nd3+ 19. Kd1 Nxf4 20. Bxf4 Bxf4 21. Qf2 Bxg5
22. Na4 Qd6 23. Rg1 Bh6 24. Rc1 Bxc1 25. Kxc1 c5 26. Nf5 Nxf5 27. Bxf5 c4 28.
Bxg6 fxg6 29. Qg3 Rf4 30. Qxg6 Rf1+ 31. Kb2 Qxh2+ 32. Rg2 Qe5+ 33. Ka3 Qe7+ 34.
Kb2 Qe5+ 35. Ka3 h4 36. Rc2 h3 37. Qc6 cxb3 38. axb3 h2 39. Rxh2 Qxh2 0-1

[Event "AUTO-OPEN-4616"]
[Site "http://www.queenalice.com/game.php?id=1863486"]
[Date "2025.9.27"]
[Round "1"]
[White "tucuman10"]
[Black "Carlos19"]
[Result "1-0"]
[WhiteElo "2303"]
[BlackElo "1592"]

1. d4 e6 2. e4 c5 3. c3 cxd4 4. cxd4 Nc6 5. d5 exd5 6. exd5 Bb4+ 7. Nc3 Qe7+ 8.
Be2 Na5 9. Nf3 Qd6 10. O-O Nf6 11. Nb5 Qb8 12. Qd4 O-O 13. Qxb4 b6 14. Re1 Ba6
15. Bg5 Nxd5 16. Qh4 f6 17. Bd3 h6 18. Qe4 Kf7 19. Qxd5# 1-0

[Event "AUTO-OPEN-4616"]
[Site "http://www.queenalice.com/game.php?id=1863487"]
[Date "2025.9.27"]
[Round "1"]
[White "Carlos19"]
[Black "tucuman10"]
[Result "0-1"]
[WhiteElo "1609"]
[BlackElo "2302"]

1. e4 e6 2. Bc4 d5 3. exd5 exd5 4. Be2 Bd6 5. Nf3 h6 6. Nc3 Nf6 7. O-O a6 8. d4
Nc6 9. Be3 O-O 10. a3 Re8 11. h3 b6 12. b4 Bf5 13. Bd3 Be4 14. Bxe4 dxe4 15. Nd2
Qd7 16. d5 Qf5 17. dxc6 Qe5 18. Ndb1 Qh2# 0-1

[Event "AUTO-OPEN-4616"]
[Site "http://www.queenalice.com/game.php?id=1863488"]
[Date "2025.9.27"]
[Round "1"]
[White "tucuman10"]
[Black "chessman"]
[Result "1-0"]
[WhiteElo "2284"]
[BlackElo "2013"]

1. d4 d5 2. c4 c6 3. e3 Nf6 4. Nc3 e6 5. Nf3 Be7 6. Bd2 O-O 7. Bd3 a6 8. c5 Re8
9. Na4 Nbd7 10. Qc2 h6 11. O-O Rb8 12. Bc3 Nf8 13. Qd2 N6d7 14. Ba5 b6 15. cxb6
Bb7 16. b4 Bd6 17. Rac1 f5 18. Nc5 Bxc5 19. dxc5 Nf6 20. a4 Ne4 21. Bxe4 fxe4
22. Nd4 e5 23. Nf5 Qf6 24. Nd6 Red8 25. b5 Rxd6 26. cxd6 axb5 27. axb5 cxb5 28.
Bb4 Nd7 29. f4 Nxb6 30. fxe5 Qxe5 31. Rc7 Nc4 32. Qf2 Nxd6 33. Bxd6 1-0

[Event "AUTO-OPEN-4616"]
[Site "http://www.queenalice.com/game.php?id=1863489"]
[Date "2025.9.27"]
[Round "1"]
[White "chessman"]
[Black "tucuman10"]
[Result "0-1"]
[WhiteElo "2024"]
[BlackElo "2289"]

1. e4 e5 2. Nf3 d6 3. d4 exd4 4. Nxd4 Nc6 5. Be2 Be7 6. O-O Nf6 7. Nc3 Nxd4 8.
Qxd4 O-O 9. Bg5 Re8 10. Rfe1 c6 11. Bf3 h6 12. Bh4 g5 13. Bg3 g4 14. Be2 Nh5 15.
Bc4 Nxg3 16. hxg3 b5 17. Bd3 Qb6 18. Qxb6 axb6 19. a3 Bf6 20. f3 Kg7 21. f4 Bd4+
22. Kf1 Be6 23. Reb1 Bc4 24. Nd1 Rxe4 25. Bxc4 bxc4 26. Nf2 Bxf2 27. Kxf2 Rae8
28. Re1 Rxe1 29. Rxe1 Rxe1 30. Kxe1 Kf6 31. Ke2 Kf5 32. Ke3 c5 33. a4 d5 34. c3
f6 35. Ke2 Ke4 36. Kd2 d4 37. Ke2 d3+ 38. Kf2 f5 39. Ke1 Ke3 0-1

[Event "Challenge"]
[Site "http://www.queenalice.com/game.php?id=1864047"]
[Date "2025.10.10"]
[Round "-"]
[White "Capixaba789"]
[Black "tucuman10"]
[Result "0-1"]
[WhiteElo "1902"]
[BlackElo "2288"]

1. d4 e6 2. e4 d5 3. exd5 exd5 4. Nc3 Nf6 5. Nf3 Nc6 6. Bd3 Be6 7. O-O h6 8. Qe1
Bd6 9. Be3 O-O 10. a3 Re8 11. Qd2 Bg4 12. Ne5 Nxe5 13. dxe5 Bxe5 14. f4 Bd6 15.
Qf2 Bd7 16. Ne2 Ng4 17. Qg3 Nxe3 18. Rfe1 Qf6 0-1

[Event "Challenge"]
[Site "http://www.queenalice.com/game.php?id=1864048"]
[Date "2025.10.10"]
[Round "-"]
[White "tucuman10"]
[Black "Capixaba789"]
[Result "1-0"]
[WhiteElo "2281"]
[BlackElo "1852"]

1. d4 d5 2. c4 Nf6 3. e3 e6 4. Nc3 Be7 5. Nf3 c5 6. Be2 cxd4 7. exd4 O-O 8. O-O
Nc6 9. Bf4 dxc4 10. Bxc4 Nd5 11. Bxd5 exd5 12. Re1 Bf6 13. a3 Bf5 14. Be5 Nxe5
15. dxe5 Be7 16. Nxd5 Bc5 17. b4 Bb6 18. Ra2 Be6 19. Rd2 Bxd5 20. Rxd5 Qc8 21.
h3 Rd8 22. Rxd8+ Bxd8 23. b5 Bb6 24. Qd3 Qe6 25. Ng5 Qg6 26. Qxg6 hxg6 27. e6
fxe6 28. Rxe6 Rf8 29. Nf3 Rf6 30. Re7 Rf7 31. Re8+ Kh7 32. Ng5+ 1-0